Fußball-Bundesliga: Alle Spieler mit mind. 10 Saisontoren seit 00/01 - Statistiken

Allgemein
  • Dieses Quiz wurde 3.265 mal gespielt
    912 seit der letzten Aktualisierung
  • Das Durchschnittsergebnis liegt bei 293 aus 484
Antwortstatistiken
Saison Verein Nationalität Tore Spieler % Korrekt
2011/12 Borussia Dortmund POL 22 Robert Lewandowski
97%
2012/13 Borussia Dortmund POL 24 Robert Lewandowski
97%
2013/14 Borussia Dortmund POL 20 Robert Lewandowski
97%
2014/15 FC Bayern München POL 17 Robert Lewandowski
97%
2015/16 FC Bayern München POL 30 Robert Lewandowski
97%
2016/17 FC Bayern München POL 30 Robert Lewandowski
97%
2017/18 FC Bayern München POL 29 Robert Lewandowski
97%
2018/19 FC Bayern München POL 22 Robert Lewandowski
97%
2019/20 FC Bayern München POL 34 Robert Lewandowski
97%
2020/21 FC Bayern München POL 41 Robert Lewandowski
97%
2021/22 FC Bayern München POL 35 Robert Lewandowski
97%
2023/24 FC Bayern München ENG 36 Harry Kane
96%
2024/25 FC Bayern München ENG 26 Harry Kane
96%
2009/10 FC Bayern München GER 13 Thomas Müller
95%
2010/11 FC Bayern München GER 12 Thomas Müller
95%
2012/13 FC Bayern München GER 13 Thomas Müller
95%
2013/14 FC Bayern München GER 13 Thomas Müller
95%
2014/15 FC Bayern München GER 13 Thomas Müller
95%
2015/16 FC Bayern München GER 20 Thomas Müller
95%
2020/21 FC Bayern München GER 11 Thomas Müller
95%
2022/23 VfB Stuttgart GUI 11 Serhou Guirassy
92%
2023/24 VfB Stuttgart GUI 28 Serhou Guirassy
92%
2024/25 Borussia Dortmund GUI 21 Serhou Guirassy
92%
2019/20 RB Leipzig CZE 10 Patrik Schick
91%
2021/22 Bayer 04 Leverkusen CZE 24 Patrik Schick
91%
2024/25 Bayer 04 Leverkusen CZE 21 Patrik Schick
91%
2009/10 FC Bayern München NED 16 Arjen Robben
90%
2010/11 FC Bayern München NED 12 Arjen Robben
90%
2011/12 FC Bayern München NED 12 Arjen Robben
90%
2013/14 FC Bayern München NED 11 Arjen Robben
90%
2014/15 FC Bayern München NED 17 Arjen Robben
90%
2016/17 FC Bayern München NED 13 Arjen Robben
90%
2019/20 Borussia Dortmund NOR 13 Erling Haaland
90%
2020/21 Borussia Dortmund NOR 27 Erling Haaland
90%
2021/22 Borussia Dortmund NOR 22 Erling Haaland
90%
2016/17 SV Werder Bremen GER 11 Serge Gnabry
90%
2017/18 TSG 1899 Hoffenheim GER 10 Serge Gnabry
90%
2018/19 FC Bayern München GER 10 Serge Gnabry
90%
2019/20 FC Bayern München GER 12 Serge Gnabry
90%
2020/21 FC Bayern München GER 10 Serge Gnabry
90%
2021/22 FC Bayern München GER 14 Serge Gnabry
90%
2022/23 FC Bayern München GER 14 Serge Gnabry
90%
2007/08 FC Bayern München FRA 11 Franck Ribéry
89%
2011/12 FC Bayern München FRA 12 Franck Ribéry
89%
2012/13 FC Bayern München FRA 10 Franck Ribéry
89%
2013/14 FC Bayern München FRA 10 Franck Ribéry
89%
2010/11 Borussia Mönchengladbach GER 10 Marco Reus
89%
2011/12 Borussia Mönchengladbach GER 18 Marco Reus
89%
2012/13 Borussia Dortmund GER 14 Marco Reus
89%
2013/14 Borussia Dortmund GER 16 Marco Reus
89%
2015/16 Borussia Dortmund GER 12 Marco Reus
89%
2018/19 Borussia Dortmund GER 17 Marco Reus
89%
2019/20 Borussia Dortmund GER 11 Marco Reus
89%
2024/25 FC Bayern München GER 11 Leroy Sané
88%
2017/18 Hannover 96 GER 14 Niclas Füllkrug
88%
2022/23 SV Werder Bremen GER 16 Niclas Füllkrug
88%
2023/24 Borussia Dortmund GER 12 Niclas Füllkrug
88%
2013/14 Borussia Dortmund GAB 13 Pierre-Emerick Aubameyang
88%
2014/15 Borussia Dortmund GAB 16 Pierre-Emerick Aubameyang
88%
2015/16 Borussia Dortmund GAB 25 Pierre-Emerick Aubameyang
88%
2016/17 Borussia Dortmund GAB 31 Pierre-Emerick Aubameyang
88%
2017/18 Borussia Dortmund GAB 13 Pierre-Emerick Aubameyang
88%
2012/13 SV Werder Bremen GER 11 Aaron Hunt
87%
2016/17 TSG 1899 Hoffenheim CRO 15 Andrej Kramarić
87%
2017/18 TSG 1899 Hoffenheim CRO 13 Andrej Kramarić
87%
2018/19 TSG 1899 Hoffenheim CRO 17 Andrej Kramarić
87%
2019/20 TSG 1899 Hoffenheim CRO 12 Andrej Kramarić
87%
2020/21 TSG 1899 Hoffenheim CRO 20 Andrej Kramarić
87%
2022/23 TSG 1899 Hoffenheim CRO 12 Andrej Kramarić
87%
2023/24 TSG 1899 Hoffenheim CRO 15 Andrej Kramarić
87%
2024/25 TSG 1899 Hoffenheim CRO 11 Andrej Kramarić
87%
2023/24 Bayer 04 Leverkusen GER 11 Florian Wirtz
87%
2024/25 Bayer 04 Leverkusen GER 10 Florian Wirtz
87%
2022/23 FC Bayern München GER 12 Jamal Musiala
86%
2023/24 FC Bayern München GER 10 Jamal Musiala
86%
2024/25 FC Bayern München GER 12 Jamal Musiala
86%
2011/12 FC Schalke 04 NED 29 Klaas-Jan Huntelaar
85%
2012/13 FC Schalke 04 NED 10 Klaas-Jan Huntelaar
85%
2013/14 FC Schalke 04 NED 12 Klaas-Jan Huntelaar
85%
2015/16 FC Schalke 04 NED 12 Klaas-Jan Huntelaar
85%
2023/24 Eintracht Frankfurt EGY 12 Omar Marmoush
85%
2024/25 Eintracht Frankfurt EGY 15 Omar Marmoush
85%
2016/17 RB Leipzig GER 21 Timo Werner
85%
2017/18 RB Leipzig GER 13 Timo Werner
85%
2018/19 RB Leipzig GER 16 Timo Werner
85%
2019/20 RB Leipzig GER 28 Timo Werner
85%
2000/01 SV Werder Bremen PER 19 Claudio Pizarro
84%
2001/02 FC Bayern München PER 15 Claudio Pizarro
84%
2002/03 FC Bayern München PER 15 Claudio Pizarro
84%
2003/04 FC Bayern München PER 11 Claudio Pizarro
84%
2004/05 FC Bayern München PER 11 Claudio Pizarro
84%
2005/06 FC Bayern München PER 11 Claudio Pizarro
84%
2008/09 SV Werder Bremen PER 17 Claudio Pizarro
84%
2009/10 SV Werder Bremen PER 16 Claudio Pizarro
84%
2011/12 SV Werder Bremen PER 18 Claudio Pizarro
84%
2013/14 FC Bayern München PER 10 Claudio Pizarro
84%
2015/16 SV Werder Bremen PER 14 Claudio Pizarro
84%
2006/07 VfB Stuttgart GER 14 Mario Gómez
84%
2007/08 VfB Stuttgart GER 19 Mario Gómez
84%
2008/09 VfB Stuttgart GER 24 Mario Gómez
84%
2009/10 FC Bayern München GER 10 Mario Gómez
84%
2010/11 FC Bayern München GER 28 Mario Gómez
84%
2011/12 FC Bayern München GER 26 Mario Gómez
84%
2012/13 FC Bayern München GER 11 Mario Gómez
84%
2016/17 VfL Wolfsburg GER 16 Mario Gómez
84%
2008/09 TSG 1899 Hoffenheim SEN 14 Demba Ba
83%
2005/06 1. FC Nürnberg GER 10 Stefan Kießling
83%
2008/09 Bayer 04 Leverkusen GER 12 Stefan Kießling
83%
2009/10 Bayer 04 Leverkusen GER 21 Stefan Kießling
83%
2011/12 Bayer 04 Leverkusen GER 16 Stefan Kießling
83%
2012/13 Bayer 04 Leverkusen GER 25 Stefan Kießling
83%
2013/14 Bayer 04 Leverkusen GER 15 Stefan Kießling
83%
2023/24 VfB Stuttgart GER 18 Deniz Undav
82%
2008/09 VfL Wolfsburg BIH 26 Edin Džeko
82%
2009/10 VfL Wolfsburg BIH 22 Edin Džeko
82%
2010/11 VfL Wolfsburg BIH 10 Edin Džeko
82%
2023/24 1. FC Heidenheim GER 12 Tim Kleindienst
82%
2024/25 Borussia Mönchengladbach GER 16 Tim Kleindienst
82%
2013/14 TSG 1899 Hoffenheim FRA 12 Anthony Modeste
81%
2015/16 1. FC Köln FRA 15 Anthony Modeste
81%
2016/17 1. FC Köln FRA 25 Anthony Modeste
81%
2021/22 1. FC Köln FRA 20 Anthony Modeste
81%
2009/10 Eintracht Frankfurt GER 10 Alexander Meier
80%
2012/13 Eintracht Frankfurt GER 16 Alexander Meier
80%
2014/15 Eintracht Frankfurt GER 19 Alexander Meier
80%
2015/16 Eintracht Frankfurt GER 12 Alexander Meier
80%
2018/19 Borussia Dortmund ENG 12 Jadon Sancho
80%
2019/20 Borussia Dortmund ENG 17 Jadon Sancho
80%
2011/12 VfL Wolfsburg CRO 12 Mario Mandžukić
79%
2012/13 FC Bayern München CRO 15 Mario Mandžukić
79%
2013/14 FC Bayern München CRO 18 Mario Mandžukić
79%
2024/25 FC Bayern München FRA 12 Michael Olise
79%
2001/02 1. FC Kaiserslautern GER 16 Miroslav Klose
79%
2003/04 1. FC Kaiserslautern GER 10 Miroslav Klose
79%
2004/05 SV Werder Bremen GER 15 Miroslav Klose
79%
2005/06 SV Werder Bremen GER 25 Miroslav Klose
79%
2006/07 SV Werder Bremen GER 13 Miroslav Klose
79%
2007/08 FC Bayern München GER 10 Miroslav Klose
79%
2008/09 FC Bayern München GER 10 Miroslav Klose
79%
2023/24 FC Augsburg BIH 15 Ermedin Demirović
78%
2024/25 VfB Stuttgart BIH 15 Ermedin Demirović
78%
2010/11 FC Schalke 04 ESP 13 Raúl
78%
2011/12 FC Schalke 04 ESP 15 Raúl
78%
2022/23 SC Freiburg ITA 15 Vincenzo Grifo
78%
2000/01 SV Werder Bremen BRA 14 Aílton
76%
2001/02 SV Werder Bremen BRA 16 Aílton
76%
2002/03 SV Werder Bremen BRA 16 Aílton
76%
2003/04 SV Werder Bremen BRA 28 Aílton
76%
2004/05 FC Schalke 04 BRA 14 Aílton
76%
2018/19 Borussia Mönchengladbach FRA 12 Alassane Pléa
76%
2019/20 Borussia Mönchengladbach FRA 10 Alassane Pléa
76%
2021/22 Borussia Mönchengladbach FRA 10 Alassane Pléa
76%
2024/25 Borussia Mönchengladbach FRA 11 Alassane Pléa
76%
2021/22 RB Leipzig FRA 20 Christopher Nkunku
76%
2022/23 RB Leipzig FRA 16 Christopher Nkunku
76%
2007/08 VfL Wolfsburg BRA 11 Grafite
76%
2008/09 VfL Wolfsburg BRA 28 Grafite
76%
2009/10 VfL Wolfsburg BRA 11 Grafite
76%
2024/25 Eintracht Frankfurt FRA 15 Hugo Ekitiké
76%
2003/04 1. FC Köln GER 10 Lukas Podolski
75%
2005/06 1. FC Köln GER 12 Lukas Podolski
75%
2010/11 1. FC Köln GER 13 Lukas Podolski
75%
2011/12 1. FC Köln GER 18 Lukas Podolski
75%
2023/24 RB Leipzig BEL 24 Loïs Openda
74%
2007/08 FC Bayern München ITA 24 Luca Toni
74%
2008/09 FC Bayern München ITA 14 Luca Toni
74%
2019/20 Eintracht Frankfurt POR 12 André Silva
73%
2020/21 Eintracht Frankfurt POR 28 André Silva
73%
2021/22 RB Leipzig POR 11 André Silva
73%
2021/22 1. FSV Mainz 05 GER 11 Jonathan Burkardt
73%
2024/25 1. FSV Mainz 05 GER 18 Jonathan Burkardt
73%
2018/19 Borussia Dortmund ESP 18 Paco Alcácer
73%
2008/09 TSG 1899 Hoffenheim BIH 18 Vedad Ibišević
73%
2009/10 TSG 1899 Hoffenheim BIH 12 Vedad Ibišević
73%
2011/12 TSG 1899 HoffenheimVfB Stuttgart BIH 13 Vedad Ibišević
73%
2012/13 VfB Stuttgart BIH 15 Vedad Ibišević
73%
2013/14 VfB Stuttgart BIH 10 Vedad Ibišević
73%
2015/16 Hertha BSC BIH 10 Vedad Ibišević
73%
2016/17 Hertha BSC BIH 12 Vedad Ibišević
73%
2018/19 Hertha BSC BIH 10 Vedad Ibišević
73%
2023/24 Bayer 04 Leverkusen NGA 14 Victor Boniface
73%
2015/16 Bayer 04 Leverkusen MEX 17 Chicharito
72%
2016/17 Bayer 04 Leverkusen MEX 11 Chicharito
72%
2000/01 FC Bayern München BRA 15 Giovane Elber
72%
2001/02 FC Bayern München BRA 17 Giovane Elber
72%
2002/03 FC Bayern München BRA 21 Giovane Elber
72%
2018/19 Eintracht Frankfurt SRB 17 Luka Jović
72%
2011/12 1. FSV Mainz 05 CMR 10 Eric Maxim Choupo-Moting
71%
2013/14 1. FSV Mainz 05 CMR 10 Eric Maxim Choupo-Moting
71%
2022/23 FC Bayern München CMR 10 Eric Maxim Choupo-Moting
71%
2012/13 Hamburger SV KOR 12 Heung-min Son
71%
2013/14 Bayer 04 Leverkusen KOR 10 Heung-min Son
71%
2014/15 Bayer 04 Leverkusen KOR 11 Heung-min Son
71%
2007/08 Hamburger SV CRO 14 Ivica Olić
71%
2008/09 Hamburger SV CRO 10 Ivica Olić
71%
2009/10 FC Bayern München CRO 11 Ivica Olić
71%
2013/14 VfL Wolfsburg CRO 14 Ivica Olić
71%
2018/19 VfL Wolfsburg NED 17 Wout Weghorst
71%
2019/20 VfL Wolfsburg NED 16 Wout Weghorst
71%
2020/21 VfL Wolfsburg NED 20 Wout Weghorst
71%
2013/14 Borussia Mönchengladbach BRA 14 Raffael
70%
2014/15 Borussia Mönchengladbach BRA 12 Raffael
70%
2015/16 Borussia Mönchengladbach BRA 13 Raffael
70%
2023/24 Bayer 04 Leverkusen ESP 10 Alejandro Grimaldo
69%
2023/24 RB Leipzig SVN 14 Benjamin Šeško
69%
2024/25 RB Leipzig SVN 13 Benjamin Šeško
69%
2023/24 Borussia Dortmund NED 13 Donyell Malen
69%
2024/25 VfB Stuttgart GER 12 Nick Woltemade
69%
2011/12 Borussia Dortmund JPN 13 Shinji Kagawa
69%
2022/23 SV Werder Bremen GER 12 Marvin Duksch
68%
2023/24 SV Werder Bremen GER 12 Marvin Duksch
68%
2012/13 SV Werder Bremen GER 11 Nils Petersen
68%
2016/17 SC Freiburg GER 10 Nils Petersen
68%
2017/18 SC Freiburg GER 15 Nils Petersen
68%
2018/19 SC Freiburg GER 10 Nils Petersen
68%
2019/20 SC Freiburg GER 11 Nils Petersen
68%
2019/20 Borussia Mönchengladbach FRA 10 Marcus Thuram
67%
2022/23 Borussia Mönchengladbach FRA 13 Marcus Thuram
67%
2012/13 Borussia Dortmund GER 10 Mario Götze
67%
2013/14 FC Bayern München GER 10 Mario Götze
67%
2006/07 VfL Bochum GRE 20 Theofanis Gekas
67%
2007/08 Bayer 04 Leverkusen GRE 11 Theofanis Gekas
67%
2010/11 Eintracht Frankfurt GRE 16 Theofanis Gekas
67%
2024/25 RB Leipzig NED 10 Xavi Simons
67%
2003/04 FC Bayern München NED 23 Roy Makaay
66%
2004/05 FC Bayern München NED 22 Roy Makaay
66%
2005/06 FC Bayern München NED 17 Roy Makaay
66%
2006/07 FC Bayern München NED 16 Roy Makaay
66%
2012/13 SV Werder Bremen BEL 10 Kevin De Bruyne
65%
2014/15 VfL Wolfsburg BEL 10 Kevin De Bruyne
65%
2018/19 RB Leipzig DEN 15 Yussuf Poulsen
65%
2000/01 FC Schalke 04 DEN 22 Ebbe Sand
64%
2001/02 FC Schalke 04 DEN 11 Ebbe Sand
64%
2006/07 SV Werder Bremen BRA 13 Diego
63%
2007/08 SV Werder Bremen BRA 13 Diego
63%
2008/09 SV Werder Bremen BRA 12 Diego
63%
2012/13 VfL Wolfsburg BRA 10 Diego
63%
2012/13 SC Freiburg GER 11 Max Kruse
63%
2013/14 Borussia Mönchengladbach GER 12 Max Kruse
63%
2014/15 Borussia Mönchengladbach GER 11 Max Kruse
63%
2016/17 SV Werder Bremen GER 15 Max Kruse
63%
2018/19 SV Werder Bremen GER 11 Max Kruse
63%
2020/21 1. FC Union Berlin GER 11 Max Kruse
63%
2021/22 1. FC Union BerlinVfL Wolfsburg GER 12 Max Kruse
63%
2017/18 FC Augsburg AUT 13 Michael Gregoritsch
63%
2022/23 SC Freiburg AUT 10 Michael Gregoritsch
63%
2015/16 SV Darmstadt 98 GER 14 Sandro Wagner
63%
2016/17 TSG 1899 Hoffenheim GER 11 Sandro Wagner
63%
2017/18 TSG 1899 HoffenheimFC Bayern München GER 12 Sandro Wagner
63%
2018/19 Eintracht Frankfurt CIV 15 Sébastien Haller
63%
2022/23 Eintracht Frankfurt FRA 15 Randal Kolo Muani
62%
2021/22 Borussia Mönchengladbach GER 12 Jonas Hofmann
61%
2022/23 Borussia Mönchengladbach GER 12 Jonas Hofmann
61%
2023/24 VfL Wolfsburg DEN 11 Jonas Wind
61%
2018/19 Bayer 04 Leverkusen GER 17 Kai Havertz
61%
2019/20 Bayer 04 Leverkusen GER 12 Kai Havertz
61%
2009/10 Borussia Dortmund PAR 19 Lucas Barrios
61%
2010/11 Borussia Dortmund PAR 16 Lucas Barrios
61%
2004/05 1. FC Nürnberg SVK 24 Marek Mintal
61%
2001/02 Bayer 04 Leverkusen GER 17 Michael Ballack
60%
2002/03 FC Bayern München GER 10 Michael Ballack
60%
2004/05 FC Bayern München GER 13 Michael Ballack
60%
2005/06 FC Bayern München GER 14 Michael Ballack
60%
2003/04 Bayer 04 Leverkusen BUL 16 Dimitar Berbatov
59%
2004/05 Bayer 04 Leverkusen BUL 20 Dimitar Berbatov
59%
2005/06 Bayer 04 Leverkusen BUL 21 Dimitar Berbatov
59%
2001/02 Borussia Dortmund CZE 11 Jan Koller
59%
2002/03 Borussia Dortmund CZE 13 Jan Koller
59%
2003/04 Borussia Dortmund CZE 16 Jan Koller
59%
2004/05 Borussia Dortmund CZE 15 Jan Koller
59%
2023/24 TSG 1899 Hoffenheim GER 16 Maximilian Beier
59%
2006/07 Borussia Dortmund SUI 16 Alexander Frei
58%
2008/09 Borussia Dortmund SUI 12 Alexander Frei
58%
2012/13 Borussia Dortmund POL 11 Jakub Błaszczykowski
58%
2012/13 FC Schalke 04 GER 10 Julian Draxler
58%
2024/25 SC Freiburg JPN 10 Ritsu Dōan
58%
2013/14 TSG 1899 Hoffenheim BRA 16 Roberto Firmino
58%
2001/02 TSV 1860 München GER 18 Martin Max
57%
2003/04 FC Hansa Rostock GER 20 Martin Max
57%
2017/18 FC Augsburg ISL 12 Alfreð Finnbogason
54%
2018/19 FC Augsburg ISL 10 Alfreð Finnbogason
54%
2010/11 1. FSV Mainz 05 GER 15 André Schürrle
54%
2012/13 Bayer 04 Leverkusen GER 11 André Schürrle
54%
2014/15 VfL Wolfsburg NED 16 Bas Dost
54%
2024/25 SV Werder Bremen DEN 10 Jens Stage
53%
2001/02 Borussia Dortmund BRA 18 Márcio Amoroso
53%
2022/23 1. FC Union Berlin SUR 11 Sheraldo Becker
53%
2013/14 FC Augsburg GER 12 André Hahn
52%
2013/14 VfL Wolfsburg CRO 10 Ivan Perišić
52%
2014/15 Hannover 96 GER 10 Lars Stindl
52%
2016/17 Borussia Mönchengladbach GER 11 Lars Stindl
52%
2020/21 Borussia Mönchengladbach GER 14 Lars Stindl
52%
2001/02 Hertha BSC BRA 13 Marcelinho
52%
2002/03 Hertha BSC BRA 14 Marcelinho
52%
2004/05 Hertha BSC BRA 18 Marcelinho
52%
2005/06 Hertha BSC BRA 12 Marcelinho
52%
2017/18 Borussia Mönchengladbach BEL 10 Thorgan Hazard
52%
2018/19 Borussia Mönchengladbach BEL 10 Thorgan Hazard
52%
2018/19 Fortuna Düsseldorf BEL 10 Dodi Lukébakio
51%
2022/23 Hertha BSC BEL 11 Dodi Lukébakio
51%
2015/16 Borussia Dortmund ARM 11 Henrikh Mkhitaryan
51%
2002/03 VfB Stuttgart GER 15 Kevin Kurányi
51%
2003/04 VfB Stuttgart GER 11 Kevin Kurányi
51%
2004/05 VfB Stuttgart GER 13 Kevin Kurányi
51%
2005/06 FC Schalke 04 GER 10 Kevin Kurányi
51%
2006/07 FC Schalke 04 GER 15 Kevin Kurányi
51%
2007/08 FC Schalke 04 GER 15 Kevin Kurányi
51%
2008/09 FC Schalke 04 GER 13 Kevin Kurányi
51%
2009/10 FC Schalke 04 GER 18 Kevin Kurányi
51%
2007/08 Borussia Dortmund CRO 13 Mladen Petrić
51%
2008/09 Hamburger SV CRO 11 Mladen Petrić
51%
2010/11 Hamburger SV CRO 11 Mladen Petrić
51%
2006/07 SV Werder Bremen1. FSV Mainz 05 EGY 14 Mohamed Zidan
51%
2010/11 SC Freiburg SEN 22 Papiss Demba Cissé
51%
2000/01 Hamburger SV BIH 22 Sergej Barbarez
51%
2003/04 Hamburger SV BIH 10 Sergej Barbarez
51%
2004/05 Hamburger SV BIH 11 Sergej Barbarez
51%
2005/06 Hamburger SV BIH 10 Sergej Barbarez
51%
2005/06 1. FC Kaiserslautern TUR 20 Halil Altintop
50%
2013/14 FC Augsburg TUR 10 Halil Altintop
50%
2021/22 Bayer 04 Leverkusen FRA 13 Moussa Diaby
50%
2015/16 Hertha BSC CIV 14 Salomon Kalou
50%
2017/18 Hertha BSC CIV 12 Salomon Kalou
50%
2024/25 VfL Wolfsburg ALG 10 Mohamed Amoura
49%
2007/08 Hamburger SV NED 12 Rafael van der Vaart
49%
2009/10 Hertha BSC COL 10 Adrián Ramos
48%
2013/14 Hertha BSC COL 16 Adrián Ramos
48%
2003/04 SV Werder Bremen CRO 13 Ivan Klasnić
48%
2004/05 SV Werder Bremen CRO 10 Ivan Klasnić
48%
2005/06 SV Werder Bremen CRO 15 Ivan Klasnić
48%
2007/08 SV Werder Bremen SWE 14 Markus Rosenberg
48%
2011/12 SV Werder Bremen SWE 10 Markus Rosenberg
48%
2011/12 VfB Stuttgart AUT 17 Martin Harnik
48%
2013/14 VfB Stuttgart AUT 10 Martin Harnik
48%
2024/25 Holstein Kiel JPN 11 Shūto Machino
48%
2000/01 Bayer 04 Leverkusen GER 12 Ulf Kirsten
48%
2001/02 Bayer 04 Leverkusen GER 11 Ulf Kirsten
48%
2012/13 1. FSV Mainz 05 HUN 13 Ádám Szalai
47%
2010/11 Bayer 04 Leverkusen CHI 10 Arturo Vidal
47%
2023/24 1. FC Heidenheim TUR 10 Eren Dinkçi
47%
2014/15 SV Werder Bremen ARG 13 Franco Di Santo
47%
2017/18 FC Schalke 04 AUT 11 Guido Burgstaller
47%
2019/20 1. FC Köln COL 13 Jhon Córdoba
46%
2003/04 SV Werder Bremen FRA 10 Johan Micoud
46%
2008/09 1. FC Köln SLO 16 Milivoje Novakovič
46%
2010/11 1. FC Köln SLO 17 Milivoje Novakovič
46%
2013/14 TSG 1899 Hoffenheim BIH 11 Sejad Salihović
46%
2013/14 1. FSV Mainz 05 JPN 15 Shinji Okazaki
46%
2014/15 1. FSV Mainz 05 JPN 12 Shinji Okazaki
46%
2004/05 Bayer 04 Leverkusen UKR 15 Andriy Voronin
45%
2006/07 Bayer 04 Leverkusen UKR 10 Andriy Voronin
45%
2008/09 Hertha BSC UKR 11 Andriy Voronin
45%
2013/14 TSG 1899 Hoffenheim GER 11 Kevin Volland
45%
2017/18 Bayer 04 Leverkusen GER 14 Kevin Volland
45%
2018/19 Bayer 04 Leverkusen GER 14 Kevin Volland
45%
2019/20 Bayer 04 Leverkusen GER 10 Kevin Volland
45%
2014/15 Borussia Mönchengladbach GER 11 Patrick Herrmann
45%
2010/11 Hannover 96 CIV 14 Didier Ya Konan
44%
2007/08 SV Werder Bremen POR 11 Hugo Almeida
44%
2019/20 Fortuna Düsseldorf GER 15 Rouwen Hennings
44%
2007/08 Hannover 96 HUN 10 Szabolcs Huszti
44%
2013/14 Hannover 96 HUN 10 Szabolcs Huszti
44%
2004/05 VfB Stuttgart GER 12 Cacau
43%
2006/07 VfB Stuttgart GER 13 Cacau
43%
2009/10 VfB Stuttgart GER 13 Cacau
43%
2002/03 Arminia Bielefeld POL 12 Artur Wichniarek
42%
2006/07 Arminia Bielefeld POL 10 Artur Wichniarek
42%
2007/08 Arminia Bielefeld POL 10 Artur Wichniarek
42%
2008/09 Arminia Bielefeld POL 13 Artur Wichniarek
42%
2007/08 1. FC Nürnberg BIH 10 Zvjezdan Misimović
42%
2009/10 VfL Wolfsburg BIH 10 Zvjezdan Misimović
42%
2012/13 Hamburger SV LAT 12 Artjoms Rudņevs
41%
2005/06 Hertha BSC SRB 11 Marko Pantelić
41%
2006/07 Hertha BSC SRB 14 Marko Pantelić
41%
2007/08 Hertha BSC SRB 12 Marko Pantelić
41%
2020/21 VfB Stuttgart AUT 16 Saša Kalajdžić
41%
2003/04 Bayer 04 Leverkusen GER 10 Bernd Schneider
40%
2000/01 FC Bayern München GER 12 Carsten Jancker
40%
2013/14 Hamburger SV TUR 11 Hakan Çalhanoğlu
40%
2012/13 SC Freiburg FRA 11 Jonathan Schmid
40%
2022/23 FC Schalke 04 GER 11 Marius Bülter
40%
2000/01 Bayer 04 Leverkusen GER 15 Oliver Neuville
40%
2001/02 Bayer 04 Leverkusen GER 13 Oliver Neuville
40%
2004/05 Borussia Mönchengladbach GER 12 Oliver Neuville
40%
2005/06 Borussia Mönchengladbach GER 10 Oliver Neuville
40%
2014/15 1. FC Köln NGA 10 Anthony Ujah
39%
2015/16 SV Werder Bremen NGA 11 Anthony Ujah
39%
2000/01 Borussia Dortmund GER 10 Fredi Bobic
39%
2002/03 Hannover 96 GER 14 Fredi Bobic
39%
2000/01 Hertha BSC GER 16 Michael Preetz
39%
2001/02 Hertha BSC GER 12 Michael Preetz
39%
2008/09 Bayer 04 Leverkusen GER 21 Patrick Helmes
39%
2011/12 VfL Wolfsburg GER 12 Patrick Helmes
39%
2021/22 1. FC Union Berlin NGA 15 Taiwo Awoniyi
39%
2014/15 Bayer 04 Leverkusen GER 12 Karim Bellarabi
38%
2007/08 Hannover 96 GER 10 Mike Hanke
38%
2024/25 1. FSV Mainz 05 GER 10 Paul Nebel
38%
2009/10 Bayer 04 Leverkusen SUI 12 Eren Derdiyok
37%
2020/21 Bayer 04 Leverkusen ARG 11 Lucas Alario
37%
2020/21 VfB Stuttgart COD 11 Silas
37%
2017/18 Hertha BSC GER 10 Davie Selke
36%
2013/14 1. FC Nürnberg SUI 17 Josip Drmić
36%
2012/13 Hannover 96 SEN 12 Mame Diouf
36%
2010/11 1. FC Kaiserslautern CRO 16 Srđan Lakić
36%
2002/03 VfL Bochum ESP 21 Thomas Christiansen
36%
2001/02 VfL Wolfsburg ARG 10 Diego Klimowicz
35%
2003/04 VfL Wolfsburg ARG 15 Diego Klimowicz
35%
2005/06 VfL Wolfsburg ARG 12 Diego Klimowicz
35%
2001/02 Borussia Dortmund BRA 10 Ewerthon
35%
2002/03 Borussia Dortmund BRA 11 Ewerthon
35%
2003/04 Borussia Dortmund BRA 16 Ewerthon
35%
2004/05 Borussia Dortmund BRA 10 Ewerthon
35%
2005/06 Eintracht Frankfurt GRE 12 Ioannis Amanatidis
35%
2007/08 Eintracht Frankfurt GRE 11 Ioannis Amanatidis
35%
2018/19 Fortuna Düsseldorf BEL 10 Benito Raman
34%
2005/06 Borussia Dortmund POL 13 Ebi Smolarek
34%
2000/01 FC Schalke 04 BEL 13 Emile Mpenza
33%
2013/14 Hamburger SV GER 13 Pierre-Michel Lasogga
33%
2014/15 FC Augsburg PAR 10 Raúl Bobadilla
33%
2019/20 1. FC Union Berlin SWE 12 Sebastian Andersson
33%
2022/23 1. FSV Mainz 05 AUT 10 Karim Onisiwo
32%
2002/03 VfL Bochum IRI 10 Vahid Hashemian
32%
2003/04 VfL Bochum IRI 16 Vahid Hashemian
32%
2002/03 TSV 1860 München GER 13 Benjamin Lauth
31%
2023/24 Borussia Mönchengladbach GER 10 Robin Hack
31%
2001/02 VfL Wolfsburg CRO 12 Tomislav Marić
31%
2002/03 VfL Wolfsburg CRO 12 Tomislav Marić
31%
2016/17 SC Freiburg GER 11 Florian Niederlechner
30%
2019/20 FC Augsburg GER 13 Florian Niederlechner
30%
2018/19 TSG 1899 Hoffenheim ALG 16 Ishak Belfodil
29%
2019/20 1. FSV Mainz 05 SWE 13 Robin Quaison
29%
2015/16 1. FSV Mainz 05 TUR 11 Yunus Malli
29%
2018/19 1. FSV Mainz 05 FRA 14 Jean-Philippe Mateta
28%
2004/05 FC Schalke 04 BRA 12 Lincoln
28%
2021/22 VfL Bochum GER 10 Sebastian Polter
28%
2017/18 TSG 1899 Hoffenheim GER 14 Mark Uth
27%
2010/11 Hannover 96 NOR 10 Mohammed Abdellaoue
26%
2011/12 Hannover 96 NOR 11 Mohammed Abdellaoue
26%
2018/19 Hertha BSC SVK 11 Ondrej Duda
26%
2007/08 VfL Bochum SVK 13 Stanislav Šesták
26%
2005/06 SV Werder Bremen GER 10 Tim Borowski
26%
2009/10 VfB Stuttgart ROU 10 Ciprian Marica
25%
2012/13 FC Augsburg GER 10 Sascha Mölders
25%
2013/14 SC Freiburg SUI 12 Admir Mehmedi
24%
2022/23 1. FSV Mainz 05 DEN 10 Marcus Ingvartsen
24%
2006/07 Eintracht Frankfurt JPN 11 Naohiro Takahara
24%
2005/06 1. FC Nürnberg SVK 16 Robert Vittek
24%
2006/07 FC Energie Cottbus ROU 14 Sergiu Radu
24%
2001/02 Borussia Mönchengladbach NED 12 Arie van Lent
23%
2014/15 Eintracht Frankfurt SUI 10 Haris Seferović
23%
2009/10 1. FSV Mainz 05 BUR 10 Aristide Bancé
22%
2005/06 1. FSV Mainz 05 GER 12 Michael Thurk
22%
2004/05 Arminia Bielefeld RSA 15 Delron Buckley
21%
2003/04 Bayer 04 Leverkusen BRA 14 França
21%
2003/04 Hannover 96 GER 12 Thomas Brdarić
21%
2004/05 VfL Wolfsburg GER 12 Thomas Brdarić
21%
2005/06 Hannover 96 GER 10 Thomas Brdarić
21%
2005/06 1. FC Kaiserslautern CIV 10 Boubacar Sanogo
20%
2004/05 VfL Wolfsburg BUL 12 Martin Petrov
20%
2015/16 VfB Stuttgart GER 13 Daniel Didavi
19%
2015/16 FC Ingolstadt 04 GER 12 Moritz Hartmann
19%
2005/06 FC Schalke 04 DEN 10 Sören Larsen
19%
2006/07 FC Energie Cottbus ROU 11 Vlad Munteanu
19%
2002/03 Hamburger SV ARG 14 Bernardo Romeo
18%
2003/04 Hamburger SV ARG 11 Bernardo Romeo
18%
2010/11 1. FSV Mainz 05 TUN 10 Sami Allagui
18%
2000/01 FC Schalke 04 GER 10 Jörg Böhme
17%
2000/01 VfL Wolfsburg POL 12 Andrzej Juskowiak
16%
2002/03 TSV 1860 München GER 14 Markus Schroth
15%
2001/02 1. FC Kaiserslautern CZE 11 Vratislav Lokvenc
14%
2004/05 VfL Bochum CZE 10 Vratislav Lokvenc
14%
2009/10 1. FC Nürnberg KOS 12 Albert Bunjaku
13%
2000/01 1. FC Köln GER 11 Dirk Lottner
13%
2001/02 VfB Stuttgart ROU 10 Ioan Viorel Ganea
12%
2000/01 TSV 1860 München AUS 12 Paul Agostino
12%
2003/04 VfL Bochum DEN 13 Peter Madsen
12%
2002/03 Arminia Bielefeld SEN 10 Mamadou Diabang
11%
2001/02 FC St. Pauli GER 10 Thomas Meggle
11%
2000/01 SC Freiburg TUN 10 Adel Sellimi
10%
2007/08 MSV Duisburg NGA 10 Manasseh Ishiaku
10%
2002/03 1. FC Nürnberg MKD 12 Saša Ćirić
10%
2006/07 Hertha BSC ARG 12 Christian Giménez
8%
2003/04 VfL Wolfsburg BRA 11 Fernando Baiano
8%
2000/01 FC Energie Cottbus HUN 11 Vasile Miriuță
7%
Keine übereinstimmenden Quizze gefunden
Verteilung der Resultate
Anzahl Personen mit jedem Resultat
Perzentil nach korrekt beantworteten Fragen
Ihre Resultats-Entwicklung
Sie haben dieses Quiz seit der letzten Aktualisierung nicht gespielt